01431 2200397 4500001002100000005001500021035002000036090000800056020002200064100001900086650002200105650001600127245013400143264001600277008004100293082001200334084002100346250002100367260003600388300003600424700003300460700003700493700002900530700002400559500027000583990001800853990001800871990001800889990001800907990001800925990001800943990001800961990001800979990001800997990001801015INLIS00000000002204920251008095019 a0010-0619022049 X9.1 a978-979-26-9335-50 aAfzalur Rahman 4aNabi Muhammad SAW 4aEnsiklopedi1 aEnsiklopedi Muhammad /cAfzalur Rahman; penerjemah, Herry Mardian S., Miftahuljannah Saleh; editor, Ilham D. Sannang, Irfan Amale elangi Mizan251008 g 0 ind  a2X9.103 aRF 2X9.103 AFZ e aCetakan II, 2015 aBandung :bPelangi Mizan,c2015 a10 Jilid :bilustrasi ;c29 cm.0 aHerry Mardian S.epenerjemah0 aMiftahuljannah Salehepenerjemah0 aIlham D. Sannangeeditor0 aIrfan Amaleeeditor aJilid 1 Muhammad sebagai Nabi Jilid 2 Muhammad sebagai Pribadi Mulia Jilid 3 Muhammad sebagai Pedagang Jilid 4 Muhammad sebagai Suami dan Ayah Jilid 5 Muhammad sebagai Pendidik Jilid 6 Muhammad sebagai Pencinta Ilmu Jilid 8 Muhammad sebagai Pemimpin Militer a026768.043644 a026770.043646 a026771.043647 a026772.043648 a026773.043649 a026774.043650 a026775.043651 a026776.043652 a026777.043653 a026779.043655